Nachbarländer (Europa) - Statistiken

Allgemein
  • Dieses Quiz wurde 501 mal gespielt
  • Das Durchschnittsergebnis liegt bei 15 aus 15
Antwortstatistiken
Land Nachbarländer % Korrekt
Deutschland Belgien | Dänemark | Frankreich | Luxemburg | Niederlande | Österreich | Polen | Schweiz | Tschechien
100%
Polen Belarus | Deutschland | Litauen | Russland | Slowakei | Tschechien | Ukraine
99%
Belgien Deutschland | Frankreich | Luxemburg | Niederlande
99%
Italien Frankreich | Österreich | San Marino | Schweiz | Slowenien | Vatikanstadt
99%
Belarus Lettland | Litauen | Polen | Russland | Ukraine
99%
Finnland Norwegen | Russland | Schweden
99%
Slowakei Österreich | Polen | Tschechien | Ukraine | Ungarn
99%
Nordmazedonien Albanien | Bulgarien | Griechenland | Kosovo | Serbien
98%
Spanien Andorra | Frankreich | Marokko | Portugal
98%
San Marino Italien
98%
Irland Vereinigtes Königreich
98%
Andorra Frankreich | Spanien
97%
Albanien Griechenland | Kosovo | Montenegro | Nordmazedonien
97%
Bulgarien Griechenland | Nordmazedonien | Rumänien | Serbien | Türkei
97%
Moldawien Rumänien | Ukraine
94%
Keine übereinstimmenden Quizze gefunden
Verteilung der Resultate
Anzahl Personen mit jedem Resultat
Perzentil nach korrekt beantworteten Fragen
Ihre Resultats-Entwicklung
Sie haben dieses Quiz noch nicht gespielt